000 00882nam a2200265 a 4500
001
003 DO-SdBNP
005 20211108120008.0
008 100726s1998 dr ac 001 sdspa d
020 _a8492311363
040 _aDO-SdBNP
_bspa
_cBPMSU
082 _a320.7293
_bF363d,1998
_222
100 _aFernández, Leonel,
_d1953-
245 1 0 _aDiscursos /
_cLeonel Fernández; prólogo Rafael Núñez.
260 _aSanto Domingo :
_bAlfa y Omega,
_c1998
300 _a4 v. :
_bil., retrs. ;
_c23 cm.
590 _aInventariado, 2021/VM
600 1 4 _aFernandez, Leonel,
_d1953-,
_xEnsayos, conferencias, etc.
650 4 _aDiscursos presidenciales
651 4 _aRepública Dominicana
_xPresidente (1996-1986: Leonel Fernández Reyna)
651 4 _aRepública Dominicana
_xPolítica y gobierno
700 1 _aNúñez, Rafael,
_epról.
910 _aVMateo V.
942 _2ddc
_cBK
999 _c13852
_d13852